LEADER 01116nam0 22002771i 450 001 UON00530245 005 20260109112439.218 010 $a978-88-351-8053-1 100 $a20260109d2025 |0itac50 ba 101 $aita 102 $aIT 105 $a|||| ||||| 200 1 $aPseudos$ePercorsi di ricerca$fa cura di Giampiero Moretti 210 $aMilano$cFranco Angeli$d2025 215 $a175 p.$d23 cm. 410 1$1001UON00526570$12001 $aHyperion$eCollana di Estetica, Studi e testi$fGiancarlo Lacchin, Giampiero Moretti$1210 $aMilano$cF. Angeli$d2024-$v10894.1 606 $aFalso$3UONC048222$2FI 620 $aIT$dMilano$3UONL000005 702 1$aMoretti$bGiampiero$3UONV115349 712 $aAngeli$3UONV277541$4650 801 $aIT$bSOL$c20260116$gRICA 899 $aSIBA - SISTEMA BIBLIOTECARIO DI ATENEO E ARCHIVIO STORICO$2UONSI 912 $aUON00530245 950 $aSIBA - SISTEMA BIBLIOTECARIO DI ATENEO E ARCHIVIO STORICO$dSI FS 2.0 1472 $eSI 53576 5 1472 $sBuono 996 $aPseudos$94523301 997 $aUNIOR